000 01208nam0a22002771 4500
001 rc\4226173
005 20260406125437.0
021 _aRU
_b[68-45772]
035 _a(NLR Aleph) 008462082
090 _a7875970
_c7875970
100 _a20130416d1968 |||y0rusy50 ca
101 0 _arus
102 _aRU
105 _ah ej |||||
200 1 _aСловари иностранных языков в русском азбуковнике XVII века
_eИсследование, тексты и коммент.
_fАН СССР. Ин-т рус. литературы (Пушкинский дом)
210 _aЛенинград
_cНаука. [Ленингр. отд-ние]
_d1968
215 _a156 с.
_cфакс.
_d22
320 _aБиблиогр. в примеч.: с. 152-155
606 _a"Азбуковники"
_z17 в.
_2psbo
606 _aИностранные языки
_xЛексикография древнерусская
_2psbo
700 1 _8rus
_7ca
_aАлексеев
_bМ. П.
_cд-р филол. наук
_f1896-1981
_gМихаил Павлович
_3RU\NLR\auth\771395
_9111421
801 0 _aRU
_bNLR
_gpsbo
801 1 _aRU
_bELAR
_2rusmarc
852 _aNLR
_j68-5/2878
942 _cBOOK
980 _aNB